|
|
|
|
| LEADER |
01684nam a2200433Ia 4500 |
| 001 |
EBC3301906 |
| 003 |
MiAaPQ |
| 005 |
20200520144314.0 |
| 006 |
m o d | |
| 007 |
cr cn||||||||| |
| 008 |
090203s2009 caua sb 001 0 eng d |
| 010 |
|
|
|z 2009003410
|
| 020 |
|
|
|z 9780817949716
|
| 020 |
|
|
|z 9780817949730
|
| 035 |
|
|
|a (MiAaPQ)EBC3301906
|
| 035 |
|
|
|a (Au-PeEL)EBL3301906
|
| 035 |
|
|
|a (CaPaEBR)ebr10622959
|
| 035 |
|
|
|a (CaONFJC)MIL545396
|
| 035 |
|
|
|a (OCoLC)831680031
|
| 040 |
|
|
|a MiAaPQ
|c MiAaPQ
|d MiAaPQ
|
| 043 |
|
|
|a n-us---
|
| 050 |
|
4 |
|a HB3722
|b .T39 2009
|
| 082 |
0 |
4 |
|a 330.973
|2 22
|
| 100 |
1 |
|
|a Taylor, John B.
|
| 245 |
1 |
0 |
|a Getting off track
|h [electronic resource] :
|b how government actions and interventions caused, prolonged, and worsened the financial crisis /
|c by John B. Taylor.
|
| 260 |
|
|
|a Stanford, Calif. :
|b Hoover Institution Press,
|c c2009.
|
| 300 |
|
|
|a xii, 92 p. :
|b col. ill.
|
| 490 |
1 |
|
|a Hoover Institution Press publication ;
|v no. 570
|
| 504 |
|
|
|a Includes bibliographical references and index.
|
| 533 |
|
|
|a Electronic reproduction. Ann Arbor, MI : ProQuest, 2015. Available via World Wide Web. Access may be limited to ProQuest affiliated libraries.
|
| 650 |
|
0 |
|a Financial crises.
|
| 650 |
|
0 |
|a Global Financial Crisis, 2008-2009
|x Government policy
|z United States.
|
| 650 |
|
0 |
|a Financial crises
|z United States.
|
| 650 |
|
0 |
|a Monetary policy.
|
| 650 |
|
0 |
|a Mortgages
|x Government policy.
|
| 655 |
|
4 |
|a Electronic books.
|
| 710 |
2 |
|
|a ProQuest (Firm)
|
| 830 |
|
0 |
|a Hoover Institution Press publication ;
|v 570.
|
| 856 |
4 |
0 |
|u https://ebookcentral.proquest.com/lib/matrademy/detail.action?docID=3301906
|z Click to View
|